00530nam a2200193 i 4500001000700000003000900007005001700016007000300033008004100036080001100077100002100088245005400109260003300163300003000196500004300226650001100269700002300280852003300303110559ES-MaACL20230906185102.0t|070131s1965 fr ||||1| fre d a262.131 aPichon, Charles.14aLes papes / cCharles Pichon, Léonard von Matt. aParis : bHachette, c[1965] a240 p. : bil. ; c19 cm. aBiblioteca Jacinto Martínez Lacalle.14aPapas.1 aMatt, Leonard von. aES-MaACLjE-11552 bR.139552